00473nam a22001692 4500001001100000005001700011008004100028020002800069040001500097050002100112100003600133245002500169250001200194260004400206300001800250650003500268000000377720151217151933.0070515s xx 000 0 eng d a0470844167 :cGBP 30.00 aKABUcKABU 0aQC451b.H65 20041 aHollas, J. Michael.@000015391910aModern Spectroscopy. a4th ed. aChichester, England :bJ. Wiley,c2004. axxvii, 452 p. 0aSpectrum analysis.@0000153917